Principles of macroeconomics / (Record no. 3414)

MARC details
000 -LEADER
fixed length control field 00530nam a22001937a 4500
003 - CONTROL NUMBER IDENTIFIER
control field OSt
005 - DATE AND TIME OF LATEST TRANSACTION
control field 20160408145523.0
008 - FIXED-LENGTH DATA ELEMENTS--GENERAL INFORMATION
fixed length control field 160408b xxu||||| |||| 00| 0 eng d
020 ## - INTERNATIONAL STANDARD BOOK NUMBER
International Standard Book Number 0132603993
040 ## - CATALOGING SOURCE
Transcribing agency 040a
082 ## - DEWEY DECIMAL CLASSIFICATION NUMBER
Classification number 339
Item number PRI 1998
245 ## - TITLE STATEMENT
Title Principles of macroeconomics /
Statement of responsibility, etc. Karl. E Case...[etal]
260 ## - PUBLICATION, DISTRIBUTION, ETC. (IMPRINT)
Place of publication, distribution, etc. Ontario
Name of publisher, distributor, etc. Prentice Hall
Date of publication, distribution, etc. 1998
300 ## - PHYSICAL DESCRIPTION
Extent xxii, 554p;
Other physical details col.ill :
Dimensions 24 cm.
504 ## - BIBLIOGRAPHY, ETC. NOTE
Bibliography, etc Includes index
650 ## - SUBJECT ADDED ENTRY--TOPICAL TERM
Topical term or geographic name as entry element Macroeconomics
9 (RLIN) 7608
700 ## - ADDED ENTRY--PERSONAL NAME
Personal name Case, Karl E...[etal]
9 (RLIN) 7609
942 ## - ADDED ENTRY ELEMENTS (KOHA)
Source of classification or shelving scheme Dewey Decimal Classification
Koha item type Short Loan
Holdings
Withdrawn status Lost status Source of classification or shelving scheme Damaged status Not for loan Home library Current library Source of acquisition Inventory number Total Checkouts Full call number Barcode Date last seen Koha item type
    Dewey Decimal Classification     MUST Main Library MUST Main Library Purchase 2003/20189   339 PRI 1998 2016-0633 08/04/2016 Short Loan
    Dewey Decimal Classification     MUST Main Library MUST Main Library Purchase 03/20190   339 PRI 1998 2024-21956 12/07/2024 Open Shelf